Vybrané kapitoly z makroekonomickej teórie

Salvato in:
Dettagli Bibliografici
Autore principale: Jurga, Rastislav
Ente Autore: Ekonomická univerzita v Bratislave. Podnikovohospodárska fakulta so sídlom v Košiciach
Natura: Libro
Lingua:slovacco
Pubblicazione: Bratislava Vydavateľstvo EKONÓM 2004
Soggetti:
Tags: Aggiungi Tag
Nessun Tag, puoi essere il primo ad aggiungerne!!

MARC

LEADER 00000nam$a2200000$$$4500
001 0011382
005 20240502071356.4
020 |a 80-225-1830-1 
041 0 |a slo 
044 |a SK 
245 1 0 |a Vybrané kapitoly z makroekonomickej teórie  |c Rastislav Jurga 
264 1 |a Bratislava  |b Vydavateľstvo EKONÓM  |c 2004 
300 |a 89 s. 
610 2 0 |a makroekonomika 
610 2 0 |a teórie ekonomické 
610 2 0 |a funkcie spotrebné 
610 2 0 |a úspory 
610 2 0 |a funkcie investičné 
610 2 0 |a modely makroekonomické 
610 2 0 |a keynesizmus 
610 2 0 |a dopyt 
100 1 |a Jurga, Rastislav 
710 2 |a Ekonomická univerzita v Bratislave. Podnikovohospodárska fakulta so sídlom v Košiciach